Grasz w szachy? Nazwij każdy debiut - Statystyki

Ogólne statystyki
  • Ten quiz został rozwiązany 490 razy
    488 od ostatniego zresetowania
  • Średni wynik to 10 z 45
Statystyki odpowiedzi
Hint Odpowiedź % Poprawnych
1. e4 c5 Obrona sycylijska
73%
1. e4 e5 2. Sf3 Sc6 3. Gc4 Gc5 Partia włoska
70%
1. d4 d5 2. c4 Gambit hetmański
66%
1. e4 e5 2. Sf3 Sc6 3. Gb5 Partia hiszpańska
59%
1. e4 e6 Obrona francuska
55%
1. e4 e5 2. f4 Gambit królewski
53%
1. c4 Partia angielska
45%
1. e4 d5 Obrona skandynawska
43%
1. d4 b5 Obrona polska
39%
1. e4 e5 2. Sf3 Sc6 3. d4 Partia szkocka
39%
1. d4 Sf6 2. c4 g6 Obrona królewsko-indyjska
35%
1. e4 c6 Obrona Caro-Kann
34%
1. d4 f5 Obrona holenderska
31%
1. e4 e5 2. Sf3 Sf6 Obrona rosyjska
26%
1. e4 d6 Obrona Pirca
24%
1. e4 Sf6 Obrona Alechina
23%
1. d4 e5 Gambit Englunda
19%
1. Sf3 Otwarcie Retiego
19%
1. e4 e5 2. Sf3 Sc6 3. Gc4 Gc5 4. b4 Gambit Evansa
18%
1. d4 Sf6 2. c4 e6 3. Sc3 Gb4 Obrona Nimzowitscha
16%
1. d4 Sf6 2. c4 c5 Obrona Benoni
15%
1. d4 Sf6 2. c4 e6 3. Sf3 b6 Obrona hetmańsko-indyjska
13%
1. d4 Sfc 2. c4 c5 3. d5 b5 Gambit wołżański
12%
1. d4 d5 2. c4 e5 Kontrgambit Albina
12%
1. d4 Sf6 2. c4 g6 3. Sc3 d5 Obrona Grunfelda
12%
1. f4 Otwarcie Birda
11%
1. e4 e5 2. d4 Gambit centralny
10%
1. e4 e5 2. Sf3 Sc6 3. Gc4 Sf6 Obrona dwóch skoczków
10%
1. a3 Otwarcie Anderssena
10%
1. b4 Otwarcie orangutana
10%
1. e4 e5 2. Sf3 f5 Gambit łotewski
9%
1. e4 e5 2. Sf3 d5 Gambit słonia
9%
1. e4 e5 2. Gc4 Debiut gońca
8%
1. d4 d5 2. c4 e6 3. Sc3 c5 Obrona Tarrascha
7%
1. e4 b6 Obrona Owena
6%
1. b3 Otwarcie Larsena
6%
1. e4 e5 2. Sf3 Sc6 3. Gc4 Ge7 Partia węgierska
5%
1. e4 Sc6 Debiut Nimzowitscha
4%
1. f3 Otwarcie Barnesa
4%
1. e4 e5 2. Sf3 Sc6 3. c3 Debiut Ponzianiego
3%
1. e4 e5 2. Sf3 d6 Obrona Philldora
3%
1. a4 Otwarcie Ware'a
3%
1. c3 Debiut Saragossa
2%
1. Sc3 Otwarcie Van Geeta
2%
1. d4 Sf6 2. c4 e6 3. Sf3 Gb4+ Obrona Bogolijubowa
1%
Nie znaleziono quizów pasujących do podanych kryteriów
Rozkład punktacji
Procent ludzi z każdym wynikiem
Percentyl według liczby udzielonych odpowiedzi
Twoja historia wyników
Nie rozwiązałeś tego quizu od ostatniego zresetowania